BIBLIOTECA

SENCICO

Proyecciones cartográficas : (Registro nro. 572)

Detalles MARC
000 -LEADER
fixed length control field 01302nam a2200289Ia 4500
003 - CONTROL NUMBER IDENTIFIER
control field PE SENCICO BE
005 - DATE AND TIME OF LATEST TRANSACTION
control field 20260218214251.0
008 - FIXED-LENGTH DATA ELEMENTS--GENERAL INFORMATION
fixed length control field 200515s9999 xx 000 0 und d
020 ## - INTERNATIONAL STANDARD BOOK NUMBER
International Standard Book Number 956-14-0296-3
040 ## - CATALOGING SOURCE
Original cataloging agency PE SENCICO BE
Transcribing agency PE SENCICO BE
041 ## - LANGUAGE CODE
Language code of text/sound track or separate title spa
082 ## - DEWEY DECIMAL CLASSIFICATION NUMBER
Classification number 526
Item number E77 1977
100 1# - MAIN ENTRY--PERSONAL NAME
Personal name Errázuriz K., Ana María
9 (RLIN) 105
Relator term autor
245 10 - TITLE STATEMENT
Title Proyecciones cartográficas :
Remainder of title manejo y uso /
Statement of responsibility, etc. Ana María Errazuriz K, José Ignacio González L.
250 ## - EDITION STATEMENT
Edition statement 2a ed.
260 ## - PUBLICATION, DISTRIBUTION, ETC.
Place of publication, distribution, etc. Santiago :
Name of publisher, distributor, etc. ediciones Uiversidad Católica de Chile ;
Date of publication, distribution, etc. 1997
300 ## - PHYSICAL DESCRIPTION
Extent 112 páginas :
Other physical details ilustraciones, tablas, gráficos ;
Dimensions 25 cm.
490 ## - SERIES STATEMENT
Series statement Colección textos universitarios
504 ## - BIBLIOGRAPHY, ETC. NOTE
Bibliography, etc. note Bibliografía: p. 111-112
505 0# - FORMATTED CONTENTS NOTE
Formatted contents note Antecedentes históricos de las mediciones y representación de la tierra -- Las coordenadas geográficas -- La escala cartográfica -- Clasificación de las proyecciones cartográficas -- Análisis de las principales proyecciones
520 3# - SUMMARY, ETC.
Summary, etc. Aborda los aspectos básicos que plantea la representación de la superficie curva de la tierra en un plano.
650 10 - SUBJECT ADDED ENTRY--TOPICAL TERM
Topical term or geographic name entry element Cartografía
9 (RLIN) 251
650 20 - SUBJECT ADDED ENTRY--TOPICAL TERM
Topical term or geographic name entry element Geografía matemática
9 (RLIN) 296
650 20 - SUBJECT ADDED ENTRY--TOPICAL TERM
Topical term or geographic name entry element Proyecciones (Cartografía)
9 (RLIN) 295
700 1# - ADDED ENTRY--PERSONAL NAME
Personal name Gonzalez L., José Ignacio
9 (RLIN) 106
Relator term autor
942 ## - ADDED ENTRY ELEMENTS (KOHA)
Koha item type Libros
Source of classification or shelving scheme Dewey Decimal Classification
Existencias
Fecha de la última vez que lo usaron Número de ingreso o de inventario Pago total Signatura topográfica completa Código de barras Precio efectivo desde Tipo de documento Estado perdido Sistema de clasificación Estado dañado No es para préstamo Retirado Ubicación permanente Ubicación actual Fecha de adquisición
15/05/2020 11743   526/E77/1997 BibLima25112574 15/05/2020 Libros   Dewey Decimal Classification       Biblioteca Central Lima Biblioteca Central Lima 15/05/2020